00268nam a2200097Ia 4500008004100000100002000041245006600061260001700127300000800144650001800152191201s2019 xx 000 0 und d aKHUSHWAHA, S.K. 0aEssays in Honour of Bharat Ratna Baba Saheb Dr. B.R. Ambedkar aN. DelhibKu a143 aGeneral Books